000 00557nam a2200229Ia 4500
003 OSt
005 20221005121337.0
006 a|||||r|||| 00| 0
007 ta
008 221004b |||||||| |||| 00| 0 eng d
024 _a60077
037 _cTextual
040 _aCRL
_cCRL
_beng
041 _2eng
_aeng
082 _aO111,3MB, 33J1
100 _aBalantine
_9630430
245 0 _aGyaskoyina
260 _c1951
650 _aENGLISH LITERATURE
942 _hO111,3MB, 33J1
_cTEXL
_2cc
999 _c1040843
_d1040843